Mario bad guys - Statistics

General Stats
  • This quiz has been taken 48 times
    45 since last reset
  • The average score is 15 of 24
Answer Stats
Hint Answer % Correct
They have shells that are green or red Koopa troopa
96%
They look mad and come out of cannons Bullet Bill
85%
The most basic bad guy Goomba
85%
A walking bomb Bob-omb
81%
The ghost Boo
81%
King of ^ King boo
78%
The bones version of #2 Dry bones
70%
Throws hammers Hammer bro
70%
He rides in clouds Lakitu
70%
She shoots eggs Birdo
67%
Throws boomerangs Boomerang bro
67%
A black ball on a chain Chain chomp
67%
Throws fire Fire bro
67%
Throws ice Ice bro
67%
They come out of pipes Piranha Plant
67%
A fish with wing like fins Cheep cheep
59%
They are like ^ but bigger Banzai Bill
56%
The king bomb King bob-omb
56%
They don't show their faces Shy guy
52%
The cloud enemy throws these spiky guys Spiny
41%
They are also like ^ but MUCH bigger and cannot be defeated King Bill
33%
Their names are deceiving (they are spiky and black) Fuzzy
26%
They look happy but they are electric Amp
19%
They are like moving cacti Poky
15%
No matching quizzes found
Score Distribution
Percent of People with Each Score
Percentile by Number Answered
Your Score History
You have not taken this quiz since the last reset